| 000 | 00720nam a2200289Ia 4500 | ||
|---|---|---|---|
| 008 | 210210b2005 xxu||||| |||| 00| 0 eng d | ||
| 020 | _a9780764129896 | ||
| 041 | _aeng | ||
| 082 | _a635.9 HISA | ||
| 100 | _aHISCOCK (Peter) | ||
| 245 | _aAquarium plants: comprehensive coverage from growing them to perfection to choosing the best varieties | ||
| 260 |
_aNew York _bNot Mentioned _c2005 |
||
| 300 | _a208 | ||
| 650 | _avarieties | ||
| 650 | _ato | ||
| 650 | _athem | ||
| 650 | _aplants:comprehensive | ||
| 650 | _aperfection | ||
| 650 | _agrowing | ||
| 650 | _afrom | ||
| 650 | _acoverage | ||
| 650 | _achoosing | ||
| 650 | _abest | ||
| 650 | _aAquarium | ||
| 690 | _aPlants | ||
| 906 | _a073522 | ||
| 999 |
_c123349 _d123349 |
||